000 00601nam a2200217Ia 4500
005 20241129105946.0
008 241129s9999||||xx |||||||||||||| ||und||
020 _a978-0-19-760761-9
037 _aTB
040 _aARTS
_beng
_cARTS
041 _aeng
_2eng
084 _aW R2
_qARTS
100 _aKapoor Ilan Au.; Zalloua Zahi Au.
_9726701
245 0 _aUniversal politics
_cKapoor Ilan Au.; Zalloua Zahi Au.
260 _aUK
_bOxford University Press
_c2020
300 _a249p.
365 _aUKP
_b25.99
650 _aPolitical Science
942 _cTB
_hW R2
999 _c1226769
_d1226769